Statistics for Global Systematically Important Banks

Click here to take the quiz!

General Stats

  • This quiz has been taken 19 times
  • The average score is 8 of 30

Answer Stats

TierCountryBank% Correct
3USBank of America
65%
3UKHSBC
65%
2UKBarclays
59%
1SwitzerlandCredit Suisse
53%
1SpainSantander
53%
3USCitigroup
47%
4USJP Morgan Chase
41%
1SwitzerlandUBS
41%
2ChinaBank of China
35%
2FranceBNP Paribas
35%
1USWells Fargo
35%
2GermanyDeutsche Bank
29%
2USGoldman Sachs
29%
1USMorgan Stanley
29%
1NetherlandsING
24%
1UKStandard Chartered
24%
1France
Groupe Crédit Agricole
18%
1CanadaRoyal Bank of Canada
18%
2ChinaIndustrial and Commercial Bank of China
12%
2JapanMitsubishi UFJ FG
12%
1JapanMizuho FG
12%
1CanadaToronto Dominion
12%
1ItalyUnicredit
12%
1ChinaAgricultural Bank of China
6%
1FranceSociété Générale
6%
1USState Street
6%
1JapanSumitomo Mitsui FG
6%
1USBank of New York Mellon
0%
1ChinaChina Construction Bank
0%
1FranceGroupe BPCE
0%

Score Distribution

Percentile by Number Answered

Percent of People with Each Score

Your Score History

You have not taken this quiz